| 000 | 00455nam a2200181Ia 4500 | ||
|---|---|---|---|
| 001 | 12939 | ||
| 005 | 20260306163017.0 | ||
| 008 | 260306t2014||||xx |||||||||||||| ||spa|| | ||
| 041 | _aESP | ||
| 082 |
_aRD 463 _bR31 2014 T. 2 |
||
| 110 | _aReal Academia de la Lengua Española | ||
| 245 | 0 | _aDiccionario de la lengua española | |
| 260 | _c2014 | ||
| 300 |
_a2312 páginas : _c22 cm. |
||
| 650 | _aGEN | ||
| 654 | _aCHU | ||
| 942 |
_cDIC _dJUS _fJUS _2ddc _n |
||
| 999 |
_c12939 _d12939 |
||